Qué es el hombre?: esquema de una antropología filosófica

Gespeichert in:
Bibliographische Detailangaben
1. Verfasser: Coreth, Emerich (VerfasserIn)
Format: Buch
Sprache:Spanisch
Veröffentlicht: Barcelona Herder 1982
Ausgabe:4a. ed
Schlagworte:
Tags: Tag hinzufügen
Keine Tags, Fügen Sie den ersten Tag hinzu!

MARC

LEADER 00000nam a2200000 a 4500
001 UCZ0413
003 CL-VaPUC
008 950728e19820000SP |||||||||||||||||spa|d
082 0 4 |a 128  |b COR  |2 21 
100 0 |a Coreth, Emerich  |e author  |9 343237 
245 1 0 |a Qué es el hombre?: esquema de una antropología filosófica 
250 |a 4a. ed 
300 |a 268 p 
942 |c BK 
945 |d 19950728 00:00:00  |a mfernand 
260 |a Barcelona  |b Herder  |c 1982 
650 0 |a Antropología filosófica  |9 265842 
650 7 |a HOMBRE  |2 CL-VaPUC  |9 262149 
650 7 |a CONOCIMIENTO  |2 CL-VaPUC  |9 308991 
583 |a last modification  |c 19950728 00:00:00  |k Rodrigo Vera 
999 |c 237343  |d 237341 
952 |0 0  |1 0  |4 0  |6 128_000000000000000_COR_1982  |7 0  |8 A  |9 246283  |a BIBEDU  |b BIBEDU  |d 2019-11-18  |i 1546708  |o 128 COR 1982  |p 1546708  |r 2019-11-18  |w 2019-11-18  |y BK  |k EDU 
952 |0 0  |1 0  |4 0  |6 128_000000000000000_COR_1982  |7 0  |8 A  |9 246284  |a BIBEDU  |b BIBEDU  |d 2019-11-18  |i 1563041  |o 128 COR 1982  |p 1563041  |r 2019-11-18  |w 2019-11-18  |y BK  |k FIL